Statistics for Stendhal Bibliography

Click here to take the quiz!

General Stats

  • This quiz has been taken 4 times
  • The average score is 4 of 20

Answer Stats

TypeYearName% Correct
Novel1839The Charterhouse of Parma
100%
Novel1830The Red and the Black
100%
Novel1835Lucien Leuwen
50%
Novel1827Armance
25%
Novel1839-1842Lamiel
25%
Memoir1832Memoirs of an Egotist
25%
Autobiography1835-1836The Life of Henry Brulard
25%
Novel1837The Pink and the Green
25%
Biography1817-1818A Life of Napoleon
0%
Biography1824A Life of Rossini
0%
Non-Fiction Book1822De L'Amour
0%
Novella Collection1837-1839Italian Chroniques
0%
Journal1801-1817Journal (1801-1817)
0%
Non-Fiction Book1823-1835Racine and Shakespeare
0%
Non-Fiction Book1817Rome, Naples et Florence
0%
Novella1832The Abbess of Castro
0%
Novella1837The Cenci
0%
Novella1838The Duchess of Paliano
0%
Novella1829Vanina Vanini
0%
Novella1837Vittoria Accoramboni
0%

Score Distribution

Percentile by Number Answered

Percent of People with Each Score

Your Score History

You have not taken this quiz